Ổn định và tối ưu phương trình vi phân tập : Chuyên ngành: Toán giải tích
Luận văn gồm 3 chương trình bày: Metric Hausdorff và các khái niệm, tính chất cơ bản của phương trình vi phân giá trị tập; Các khái niệm và tiêu chuẩn ổn định nghiệm tầm thường và ổn định nghiệm của bó nghiệm của hệ phương trình vi phân...
Сохранить в:
| Главный автор: | |
|---|---|
| Формат: | |
| Язык: | Undetermined |
| Опубликовано: |
Cần Thơ
Trường Đại học Cần Thơ
2010
|
| Предметы: | |
| Метки: |
Добавить метку
Нет меток, Требуется 1-ая метка записи!
|
| Thư viện lưu trữ: | Trung tâm Học liệu Trường Đại học Cần Thơ |
|---|
| LEADER | 01276nam a2200217Ia 4500 | ||
|---|---|---|---|
| 001 | CTU_154390 | ||
| 008 | 210402s9999 xx 000 0 und d | ||
| 082 | |a 515 | ||
| 082 | |b Ph561 | ||
| 088 | |a 604601 | ||
| 100 | |a Phạm, Văn Phượng | ||
| 245 | 0 | |a Ổn định và tối ưu phương trình vi phân tập : | |
| 245 | 0 | |b Chuyên ngành: Toán giải tích | |
| 245 | 0 | |c Phạm Văn Phượng ; Hướng dẫn khoa học: Nguyễn Đình Phư | |
| 260 | |a Cần Thơ | ||
| 260 | |b Trường Đại học Cần Thơ | ||
| 260 | |c 2010 | ||
| 520 | |a Luận văn gồm 3 chương trình bày: Metric Hausdorff và các khái niệm, tính chất cơ bản của phương trình vi phân giá trị tập; Các khái niệm và tiêu chuẩn ổn định nghiệm tầm thường và ổn định nghiệm của bó nghiệm của hệ phương trình vi phân tập; Các khái niệm về mô hình bài toán tối ưu, sau đó khảo sát các điều kiện cần và đủ cho bài toán tối ưu bó nghiệm. | ||
| 650 | |a Mathematical analysis | ||
| 904 | |i Giang | ||
| 980 | |a Trung tâm Học liệu Trường Đại học Cần Thơ | ||